000 00633cam a22002171 4500
001 ne 63001359
003 DLC
005 20260227111747.0
008 810915s1962 ua b 000 0 ararc
010 _ane 63001359
035 _a(OCoLC)7760347
040 _aPrinceton Univ. Libr.
_cTU
_dTU
_dDLC
042 _apremarc
050 0 0 _aPN81
_b.F25
100 1 _aFahmī, Māhir Ḥasan.
245 1 3 _aal-Maḍhāhib al-naqdīyah,
_c[taʼlīf] Māhir Ḥasan Fahmī.
260 _aal-Qāhirah,
_bMaktabat al-Nahḍah al-Misrīyah
_c[1962]
300 _a227 p.
_c19 cm.
504 _aBibliography: p. [217]-224
650 0 _aCriticism.
999 _c46060
_d46060